000 00578nam a22001577a 4500
003 OSt
005 20151208093824.0
008 151208b xxu||||| |||| 00| 0 eng d
040 _cRUA
082 _aATM CHE 2000 B191 Or.1
100 _94503
_aCHEA SOVANDINA; ជាសុវណ្ណឌីណា
245 _aEffects of storage methods of rice grain on grain quality; ឥទ្ធិពលនៃវិធីទុកគ្រាប់ស្រូវទៅលើគុណភាព.
260 _aPhnom Penh
_bRUA
_c2000
300 _axii; 54p.
_bill.
_c29cm.
942 _2ddc
_cATM
999 _c4199
_d4199